000 01089cam a22003135a 4500
001 15260312
003 EG-ScBUE
005 20220426095642.0
008 080414s2008 enka f b 001 0 eng d
020 _a9780199277711 (pbk.)
020 _a0199277710 (pbk.)
040 _aDLC
_beng
_erda
_cDLC
_dUKM
_dYDXCP
_dBTCTA
_dBWKUK
_dBWK
_dCDX
_dBAKER
_dDLC
_dEG-ScBUE
082 0 4 _a413.028
_222
_bATK
100 1 _aAtkins, B. T. S.
_q(Beryl T. Sue)
_eauthor.
_941010
245 1 4 _aThe Oxford guide to practical lexicography /
_cB. T. Sue Atkins and Michael Rundell.
264 1 _aOxford :
_bOxford University Press,
_c2008.
300 _axii, 540 pages :
_billustrations ;
_c26 cm.
336 _2rdacontent
_atext
_btxt
337 _2rdamedia
_aunmediated
_bn
338 _2rdacarrier
_avolume
_bnc
490 0 _aOxford lingistics
504 _aIncludes bibliographical references and index.
650 7 _aLexicography.
_2BUEsh
_940520
651 _2BUEsh
653 _bHHUUEENN
_cSeptember2016
655 _vReading book
_934232
700 1 _aRundell, Michael,
_eauthor.
_928069
942 _2ddc
_cBB
999 _c22296
_d22268